First-Level Subdivisions of Mauriccotanialicarawique - Statistics

General Stats
  • This quiz has been taken 2,894 times
  • The average score is 7 of 12
Answers on the Map
Answers color-coded by a green-red scale on the quiz's map according to % correct below.
 
Answer Stats
Type Subdivision % Correct
Constituent Country Morocco
98%
Constituent Country Mali
97%
Constituent Country Mauritania
95%
Constituent Country Madagascar
93%
Constituent Country Mozambique
91%
Constituent Country Malawi
90%
Constituent Country Mauritius
59%
Crown Dependency Mayotte
24%
Province m'Africa
5%
Constituent Country Méunion
4%
Province Mesotho
3%
Province Mengia
2%
No matching quizzes found
Score Distribution
Percent of People with Each Score
Percentile by Number Answered
Your Score History
You have not taken this quiz